007890000a2200193000450024500960000024601020009665000320019865000160023065000190024665000150026565000260028065100440030665100470035065100450039765100440044204100220048610000240050877300630053210aWater and nutrient fluxes in two montane rain forest canopies, Central cordillera, Colombia3 aFlujos de agua y nutrientes en el dosel de dos bosques montanos en la cordillera Central Colombia14aBosques montanos tropicales14aEcosistemas14aFlujos de agua14aEpífitas14aProducción primaria 4lParque de los NevadosdCaldaspColombia 4lParque de los NevadosdRisaraldapColombia 4lParque de los NevadosdQuindiopColombia 4lParque de los NevadosdTolimapColombia0 aEspañolInglés1 aVeneklaas, Erik Jan1 tStudies on Tropical Andean Ecosystems3359q463-474d1993?